000 00984nam a22003137a 4500
001 000734
003 DO-SdBNP
005 20180209132044.0
007 000734
008 161123b 1992 sp a ||||| |||| 00| 0 spa d
020 _a8434824302
040 _aBPMSU
_bspa
_cBPMSU
100 1 _aPanero, José Antonio
245 1 0 _aDanko, el caballo que conocía las estrellas /
_cJosé Antonio Panero ; ilustraciones, Jesús Gabán.
250 _a7ª ed.
260 _aMadrid :
_bSM,
_c1992.
300 _a117 p. :
_bil. ;
_c19 cm.
490 1 _aBarco de vapor. Serie naranja
_v52
490 1 _aEl barco de vapor
_v150
500 _a"A partir de 9 años"
586 _a"Premio El Barco de Vapor 1987"
586 _a"Premio CCEI 1988"
700 1 2 _aGabán, Jesús,
_d1957-
_eil.
830 0 _aBarco de vapor. Serie naranja ;
_v52
830 0 _aEl barco de vapor ;
_v150
942 _2ddc
_cBK
945 _aInventariado, 2018 /LP
956 _aLOPEREZ
_b10
_c20161123
_hBPMSU
999 _c12069
_d12069